<?xml version="1.0" encoding="UTF-8"?>
<record
    xmlns:xsi="http://www.w3.org/2001/XMLSchema-instance"
    xsi:schemaLocation="http://www.loc.gov/MARC21/slim http://www.loc.gov/standards/marcxml/schema/MARC21slim.xsd"
    xmlns="http://www.loc.gov/MARC21/slim">

  <leader>00895nam a2200217 i 4500</leader>
  <controlfield tag="001">163152</controlfield>
  <controlfield tag="003">ES-MaACL</controlfield>
  <controlfield tag="005">20250719062545.0</controlfield>
  <controlfield tag="008">050711q1859    be           |||| | fre d</controlfield>
  <datafield tag="245" ind1="0" ind2="1">
    <subfield code="a">[R&#xE8;glement de la maison p&#xE9;nitentiaire cellulaire a Louvain].</subfield>
  </datafield>
  <datafield tag="260" ind1=" " ind2=" ">
    <subfield code="a">[Bruxelles : </subfield>
    <subfield code="b">s.n., </subfield>
    <subfield code="c">1859]</subfield>
  </datafield>
  <datafield tag="300" ind1=" " ind2=" ">
    <subfield code="a">59 p. ; </subfield>
    <subfield code="c">24 cm.</subfield>
  </datafield>
  <datafield tag="594" ind1=" " ind2=" ">
    <subfield code="a">T&#xED;t. tomado de comienzo de texto.</subfield>
  </datafield>
  <datafield tag="596" ind1=" " ind2=" ">
    <subfield code="a">Reglamento fechado en 1859, en Bruselas.</subfield>
  </datafield>
  <datafield tag="650" ind1=" " ind2="4">
    <subfield code="a">Establecimientos penitenciarios-</subfield>
    <subfield code="z">B&#xE9;lgica.</subfield>
    <subfield code="9">143325</subfield>
  </datafield>
  <datafield tag="852" ind1=" " ind2=" ">
    <subfield code="a">ES-MaACL</subfield>
    <subfield code="j">D-134(5) </subfield>
    <subfield code="z">- Enc. hol. </subfield>
    <subfield code="z">.- Donativo Lastres </subfield>
    <subfield code="q">- Ejemp. sin port. </subfield>
    <subfield code="z">- Enc. en un vol. facticio, formando parte de la col. facticia "Estudios penitenciarios", folletos, 1</subfield>
  </datafield>
  <datafield tag="903" ind1=" " ind2=" ">
    <subfield code="a">Lastres y Juiz, Francisco,</subfield>
    <subfield code="d">1848-1918</subfield>
    <subfield code="q">1</subfield>
    <subfield code="e">dnr</subfield>
    <subfield code="9">70504</subfield>
  </datafield>
  <datafield tag="942" ind1=" " ind2=" ">
    <subfield code="2">udc</subfield>
    <subfield code="c">FOLLETOS</subfield>
  </datafield>
  <datafield tag="999" ind1=" " ind2=" ">
    <subfield code="c">163152</subfield>
    <subfield code="d">163152</subfield>
  </datafield>
  <datafield tag="952" ind1=" " ind2=" ">
    <subfield code="0">0</subfield>
    <subfield code="1">0</subfield>
    <subfield code="2">udc</subfield>
    <subfield code="4">0</subfield>
    <subfield code="7">0</subfield>
    <subfield code="8">Colecci&#xF3;n_de_folletos</subfield>
    <subfield code="a">ATENEOM</subfield>
    <subfield code="b">ATENEOM</subfield>
    <subfield code="c">SVI</subfield>
    <subfield code="d">2008-01-17</subfield>
    <subfield code="e">DONACION</subfield>
    <subfield code="l">0</subfield>
    <subfield code="o">D-134(5)</subfield>
    <subfield code="p">901170965</subfield>
    <subfield code="r">2023-02-23 00:00:00</subfield>
    <subfield code="w">2023-02-23</subfield>
    <subfield code="y">FOLLETOS</subfield>
  </datafield>
</record>
